Textbook of vector analysis (Record no. 154167)

MARC details
000 -LEADER
fixed length control field 00600nam a22001937a 4500
003 - CONTROL NUMBER IDENTIFIER
control field dpl
005 - DATE AND TIME OF LATEST TRANSACTION
control field 20180717134013.0
008 - FIXED-LENGTH DATA ELEMENTS--GENERAL INFORMATION
fixed length control field 180717b xxu||||| |||| 00| 0 eng d
020 ## - INTERNATIONAL STANDARD BOOK NUMBER
International Standard Book Number 8121922437
Terms of availability 120.00
035 ## - SYSTEM CONTROL NUMBER
System control number B-263997
040 ## - CATALOGING SOURCE
Original cataloging agency DPL
Language of cataloging EN
Transcribing agency 0
082 ## - DEWEY DECIMAL CLASSIFICATION NUMBER
Classification number 515.63
Item number SHA
100 ## - MAIN ENTRY--PERSONAL NAME
Personal name Narayan, Shanti
245 ## - TITLE STATEMENT
Title Textbook of vector analysis
Remainder of title with applications of geometry and statics
Statement of responsibility, etc by Shanti Narayan and P.K. Mittal
260 ## - PUBLICATION, DISTRIBUTION, ETC. (IMPRINT)
Place of publication, distribution, etc New Delhi
Name of publisher, distributor, etc S. Chand & Co ltd
Date of publication, distribution, etc 2007
300 ## - PHYSICAL DESCRIPTION
Extent xv,391p.
Other physical details ill;
Dimensions 23cm.
600 ## - SUBJECT ADDED ENTRY--PERSONAL NAME
Personal name Mittal, P.K.
942 ## - ADDED ENTRY ELEMENTS (KOHA)
Source of classification or shelving scheme Dewey Decimal Classification
Koha item type English Books
Classification part 515.63
Call number suffix SHA
Holdings
Withdrawn status Lost status Source of classification or shelving scheme Damaged status Not for loan Collection code Home library Current library Date acquired Source of acquisition Cost, normal purchase price Total Checkouts Total Renewals Full call number Barcode Date last seen Date checked out Cost, replacement price Price effective from Koha item type
    Dewey Decimal Classification     Non-fiction Patel Nagar Patel Nagar 17/07/2018 BPPD/PUB 120.00 3 4 515.63 SHA B-263997 12/10/2022 28/09/2022 120.00 17/07/2018 English Books

© Delhi Public Library
Hit Counter
free hit counter